Statistics for Guess The Countries by flag info

Click here to take the quiz!

General Stats

  • This quiz has been taken 22 times
  • The average score is 12 of 15

Answer Stats

HintAnswer% Correct
EASY Red Flag with 5 stars and one of them is a Big starChina
100%
MEDIUM Pizza also surrounding 2 small countriesItaly
100%
HARD Has every vowel ( A E I O U ) in its name(does not have a shortcutMozambique
100%
HARD Smallest Country in africaSeychelles
94%
EASY North won The south red background and yellow starVietnam
94%
MEDIUMI In War rnUkraine
88%
EASY Has the same flag as a european country 2 colors(M is the European starting letter)Indonesia
81%
EASY Sun 4 colors 1 is peace one is warPhilippines
75%
MEDIUM Flipped flag of a answer to EasyPoland
75%
HARD Only country that belgium attacked and wonDRC
69%
MEDIUM Had war with usa then Gave land to UsASpain
69%
HARD Snake in countryballChile
63%
MEDIUM Had War With USSr and split in 4Germany
63%
EASY Sun red flag Blue background for SunTaiwan
63%
HARD Smooth landSomalia
38%

Score Distribution

Percentile by Number Answered

Percent of People with Each Score

Your Score History

You have not taken this quiz